| 000 | 00707nam a2200229Ia 4500 | ||
|---|---|---|---|
| 003 | GCL | ||
| 008 | 140319s9999 xx 000 0 ara d | ||
| 040 |
_aGCL / _cGCL |
||
| 082 | 0 | 4 |
_aد _b050 _bف د |
| 100 | 1 | _aدار الفكر العربى | |
| 245 | 1 | 0 |
_aفكر : مجلة فصلية للدراسات و الابحاث (1984 : 1990 ) 7 مج / _cدار الفكر العربى |
| 300 | _aمتعدد | ||
| 490 |
_aموسوعة عالم الطبخ _v0 |
||
| 650 | 0 | 4 | _aالاقتصاد |
| 650 | 0 | 4 | _aالسياسة |
| 650 | 0 | 4 | _aالثقافة |
| 650 | 0 | 4 | _aالتنمية |
| 650 | 0 | 4 | _aدوريات |
| 650 | 0 | 4 | _aصندوق النقد الدولى |
| 650 | 0 | 4 | _aالابحاث |
| 942 |
_2ddc _cCF |
||
| 999 |
_c27107 _d27107 |
||